[Event "414 Stay Safe Play From Home series"]
[Site "Emanuel Lasker Arena"]
[Date "2020.08.27"]
[Round "5"]
[White "Mepe_Nika"]
[Black "Eidgenosse"]
[Result "0-1"]
[WhiteElo "2387"]
[BlackElo "2516"]
[PlyCount "76"]
[EventDate "2020.08.27"]
[EventType "swiss (blitz)"]

1. Nf3 {[%emt 0:00:02]} d6 {[%emt 0:00:00]} 2. g3 {[%emt 0:00:01]} Nf6 {[%emt 0:00:00]} 3. Bg2 {[%emt 0:00:00]} g6 {[%emt 0:00:00]} 4. O-O {[%emt 0:00:00]} Bg7 {[%emt 0:00:00]} 5. c4 {[%emt 0:00:00]} O-O {[%emt 0:00:00]} 6. Nc3 {[%emt 0:00:00]} c6 {[%emt 0:00:00]} 7. b4 {[%emt 0:00:00]} Nbd7 {[%emt 0:00:02]} 8. b5 {[%emt 0:00:01]} c5 {[%emt 0:00:02]} 9. a4 {[%emt 0:00:01]} e5 {[%emt 0:00:01]} 10. d3 {[%emt 0:00:01]} Ne8 {[%emt 0:00:01]} 11. Ne1 {[%emt 0:00:01]} h6 {[%emt 0:00:01]} 12. Nc2 {[%emt 0:00:00]} f5 {[%emt 0:00:01]} 13. Ne3 {[%emt 0:00:00]} f4 {[%emt 0:00:00]} 14. Ned5 {[%emt 0:00:01]} Ndf6 {[%emt 0:00:01]} 15. e3 {[%emt 0:00:01]} fxg3 {[%emt 0:00:01]} 16. hxg3 {[%emt 0:00:02]} Kh7 {[%emt 0:00:01]} 17. f4 {[%emt 0:00:01]} Ng4 {[%emt 0:00:02]} 18. Bf3 {[%emt 0:00:05]} h5 {[%emt 0:00:01]} 19. Kg2 {[%emt 0:00:01]} Kg8 {[%emt 0:00:02]} 20. Qc2 {[%emt 0:00:02]} Bf5 {[%emt 0:00:01]} 21. Ne4 {[%emt 0:00:02]} Nc7 {[%emt 0:00:02]} 22. Ng5 {[%emt 0:00:02]} Ne6 {[%emt 0:00:02]} 23. Nxe6 {[%emt 0:00:03]} Bxe6 {[%emt 0:00:00]} 24. Qe2 {[%emt 0:00:01]} Qd7 {[%emt 0:00:02]} 25. Bb2 {[%emt 0:00:01]} Rae8 {[%emt 0:00:01]} 26. Rh1 {[%emt 0:00:01]} b6 {[%emt 0:00:01]} 27. Rh4 {[%emt 0:00:01]} Qf7 {[%emt 0:00:01]} 28. a5 {[%emt 0:00:01]} Nh6 {[%emt 0:00:05]} 29. axb6 {[%emt 0:00:01]} axb6 {[%emt 0:00:00]} 30. fxe5 {[%emt 0:00:01]} Nf5 {[%emt 0:00:02]} 31. Re4 {[%emt 0:00:03]} dxe5 {[%emt 0:00:02]} 32. Bxe5 {[%emt 0:00:00]} Bxe5 {[%emt 0:00:01]} 33. Rxe5 {[%emt 0:00:00]} Qg7 {[%emt 0:00:00]} 34. d4 {[%emt 0:00:02]} cxd4 {[%emt 0:00:03]} 35. Rxe6 {[%emt 0:00:05]} Rxe6 {[%emt 0:00:02]} 36. Ra6 {[%emt 0:00:03]} Nxe3+ {[%emt 0:00:01]} 37. Kh2 {[%emt 0:00:02]} Qf7 {[%emt 0:00:02]} 38. Nxe3 {[%emt 0:00:03]} Rxe3 {[%emt 0:00:02] Time Time Time (Lag: Av=0.42s, max=0.7s) (Lag: Av=0.42s, max=0.7s) (Lag: Av=0.42s, max=0.7s)} 0-1

[Event "414 Stay Safe Play From Home series"]
[Site "Emanuel Lasker Arena"]
[Date "2020.08.27"]
[Round "5"]
[White "AChessPlayer"]
[Black "Nguyen Hong Anh"]
[Result "0-1"]
[WhiteElo "2315"]
[BlackElo "2276"]
[PlyCount "130"]
[EventDate "2020.08.27"]
[EventType "swiss (blitz)"]

1. Nf3 {[%emt 0:00:02]} c5 {[%emt 0:00:01]} 2. g3 {[%emt 0:00:00]} Nc6 {[%emt 0:00:00]} 3. Bg2 {[%emt 0:00:00]} g6 {[%emt 0:00:00]} 4. O-O {[%emt 0:00:00]} Bg7 {[%emt 0:00:00]} 5. d3 {[%emt 0:00:00]} Nf6 {[%emt 0:00:00]} 6. e4 {[%emt 0:00:00]} d5 {[%emt 0:00:00]} 7. e5 {[%emt 0:00:01]} Ng4 {[%emt 0:00:01]} 8. c3 {[%emt 0:00:03]} Ngxe5 {[%emt 0:00:02]} 9. Nxe5 {[%emt 0:00:01]} Nxe5 {[%emt 0:00:00]} 10. d4 {[%emt 0:00:01]} cxd4 {[%emt 0:00:01]} 11. cxd4 {[%emt 0:00:00]} Nc6 {[%emt 0:00:00]} 12. Nc3 {[%emt 0:00:00]} O-O {[%emt 0:00:01]} 13. Nxd5 {[%emt 0:00:01]} Nxd4 {[%emt 0:00:01]} 14. Be3 {[%emt 0:00:02]} Nf5 {[%emt 0:00:01]} 15. Bc5 {[%emt 0:00:01]} Be6 {[%emt 0:00:01]} 16. Nxe7+ {[%emt 0:00:02]} Nxe7 {[%emt 0:00:01]} 17. Qxd8 {[%emt 0:00:00]} Rfxd8 {[%emt 0:00:00]} 18. Bxe7 {[%emt 0:00:00]} Rd2 {[%emt 0:00:01]} 19. Ba3 {[%emt 0:00:02]} Bxb2 {[%emt 0:00:02]} 20. Bxb2 {[%emt 0:00:01]} Rxb2 {[%emt 0:00:00]} 21. a4 {[%emt 0:00:02]} Rc8 {[%emt 0:00:02]} 22. Rfb1 {[%emt 0:00:02]} Rcc2 {[%emt 0:00:01]} 23. Bxb7 {[%emt 0:00:03]} Rxf2 {[%emt 0:00:02]} 24. a5 {[%emt 0:00:00]} Rxh2 {[%emt 0:00:01]} 25. a6 {[%emt 0:00:02]} Bf5 {[%emt 0:00:03]} 26. Rxb2 {[%emt 0:00:01]} Rxb2 {[%emt 0:00:00]} 27. Ra3 {[%emt 0:00:01]} h5 {[%emt 0:00:03]} 28. Rc3 {[%emt 0:00:01]} g5 {[%emt 0:00:01]} 29. Rc5 {[%emt 0:00:01]} Bg6 {[%emt 0:00:02]} 30. Rxg5 {[%emt 0:00:01]} Kf8 {[%emt 0:00:01]} 31. Rc5 {[%emt 0:00:01]} Ke7 {[%emt 0:00:03]} 32. Rc8 {[%emt 0:00:01]} Rb3 {[%emt 0:00:02]} 33. Kf2 {[%emt 0:00:02]} Rb2+ {[%emt 0:00:01]} 34. Ke3 {[%emt 0:00:01]} Rb3+ {[%emt 0:00:00]} 35. Kf4 {[%emt 0:00:01]} Rb4+ {[%emt 0:00:01]} 36. Kg5 {[%emt 0:00:00]} Rg4+ {[%emt 0:00:01]} 37. Kh6 {[%emt 0:00:00]} Rxg3 {[%emt 0:00:01]} 38. Ra8 {[%emt 0:00:00]} Ra3 {[%emt 0:00:00]} 39. Rxa7 {[%emt 0:00:00]} Kf6 {[%emt 0:00:01]} 40. Ra8 {[%emt 0:00:02]} h4 {[%emt 0:00:01]} 41. Rd8 {[%emt 0:00:03]} Ra5 {[%emt 0:00:02]} 42. Rd5 {[%emt 0:00:04]} Ra4 {[%emt 0:00:03]} 43. Bc6 {[%emt 0:00:10]} Rxa6 {[%emt 0:00:02]} 44. Rd6+ {[%emt 0:00:00]} Ke7 {[%emt 0:00:01]} 45. Rd7+ {[%emt 0:00:01]} Ke6 {[%emt 0:00:00]} 46. Bb5 {[%emt 0:00:00]} Ra5 {[%emt 0:00:00]} 47. Rb7 {[%emt 0:00:00]} h3 {[%emt 0:00:00]} 48. Bd7+ {[%emt 0:00:00]} Kd6 {[%emt 0:00:01]} 49. Bxh3 {[%emt 0:00:01]} Rh5+ {[%emt 0:00:00]} 50. Kg7 {[%emt 0:00:00]} Rxh3 {[%emt 0:00:00]} 51. Rb6+ {[%emt 0:00:00]} Kc7 {[%emt 0:00:01]} 52. Ra6 {[%emt 0:00:00]} Rb3 {[%emt 0:00:01]} 53. Ra1 {[%emt 0:00:00]} Rb7 {[%emt 0:00:00]} 54. Kg8 {[%emt 0:00:00]} Kb8 {[%emt 0:00:00]} 55. Rc1 {[%emt 0:00:00]} f5 {[%emt 0:00:01]} 56. Ra1 {[%emt 0:00:00]} f4 {[%emt 0:00:01]} 57. Rf1 {[%emt 0:00:00]} f3 {[%emt 0:00:00]} 58. Rxf3 {[%emt 0:00:01]} Bh7+ {[%emt 0:00:00]} 59. Kh8 {[%emt 0:00:00]} Be4 {[%emt 0:00:00]} 60. Rf8+ {[%emt 0:00:00]} Ka7 {[%emt 0:00:01]} 61. Rg8 {[%emt 0:00:00]} Bc6 {[%emt 0:00:00]} 62. Rg7 {[%emt 0:00:00]} Bd7 {[%emt 0:00:00]} 63. Kg8 {[%emt 0:00:00]} Kb6 {[%emt 0:00:01]} 64. Rxd7 {[%emt 0:00:00]} Kc6 {[%emt 0:00:00]} 65. Kf8 {[%emt 0:00:00]} Rxd7 {[%emt 0:00:01] Time Time Time (Lag: Av=1.35s, max=3.0s) (Lag: Av=1.35s, max=3.0s) (Lag: Av=1.35s, max=3.0s)} 0-1

[Event "414 Stay Safe Play From Home series"]
[Site "Emanuel Lasker Arena"]
[Date "2020.08.27"]
[Round "5"]
[White "Subkat62"]
[Black "Lazieri3"]
[Result "0-1"]
[WhiteElo "2129"]
[BlackElo "2037"]
[Annotator "NA"]
[PlyCount "89"]
[EventDate "2020.08.27"]
[EventType "swiss (blitz)"]

1. d4 {[%emt 0:00:01]} c6 {[%emt 0:00:00]} 2. c4 {[%emt 0:00:01]} d5 {[%emt 0:00:00]} 3. Nf3 {[%emt 0:00:00]} Nf6 {[%emt 0:00:01]} 4. e3 {[%emt 0:00:01]} Bf5 {[%emt 0:00:00]} 5. Nc3 {[%emt 0:00:01]} e6 {[%emt 0:00:01]} 6. Bd3 {[%emt 0:00:02]} Ne4 {[%emt 0:00:01]} 7. O-O {[%emt 0:00:01]} Nxc3 {[%emt 0:00:01]} 8. bxc3 {[%emt 0:00:01]} Bxd3 {[%emt 0:00:00]} 9. Qxd3 {[%emt 0:00:01]} Bd6 {[%emt 0:00:00]} 10. Rb1 {[%emt 0:00:02]} b6 {[%emt 0:00:02]} 11. e4 {[%emt 0:00:02]} dxe4 {[%emt 0:00:01]} 12. Qxe4 {[%emt 0:00:00]} O-O {[%emt 0:00:00]} 13. Bf4 {[%emt 0:00:01]} Bxf4 {[%emt 0:00:02]} 14. Qxf4 {[%emt 0:00:00]} Nd7 {[%emt 0:00:00]} 15. Rfe1 {[%emt 0:00:01]} Qb8 {[%emt 0:00:02]} 16. Qe3 {[%emt 0:00:01]} h6 {[%emt 0:00:02]} 17. h3 {[%emt 0:00:00]} Qc7 {[%emt 0:00:01]} 18. a4 {[%emt 0:00:01]} Rad8 {[%emt 0:00:01]} 19. Nd2 {[%emt 0:00:01]} Rfe8 {[%emt 0:00:01]} 20. Ne4 {[%emt 0:00:01]} c5 {[%emt 0:00:02]} 21. Qe2 {[%emt 0:00:06]} cxd4 {[%emt 0:00:01]} 22. cxd4 {[%emt 0:00:00]} Nf6 {[%emt 0:00:01]} 23. Nxf6+ {[%emt 0:00:01]} gxf6 {[%emt 0:00:00]} 24. Red1 {[%emt 0:00:00]} Qf4 {[%emt 0:00:01]} 25. Rbc1 {[%emt 0:00:01]} f5 {[%emt 0:00:02]} 26. Qd2 {[%emt 0:00:04]} Qxd2 {[%emt 0:00:02]} 27. Rxd2 {[%emt 0:00:00]} Rd7 {[%emt 0:00:01]} 28. Rcd1 {[%emt 0:00:01]} Rc8 {[%emt 0:00:00]} 29. Kf1 {[%emt 0:00:00]} Rxc4 {[%emt 0:00:01]} 30. d5 {[%emt 0:00:00]} Rxd5 {[%emt 0:00:02]} 31. Rxd5 {[%emt 0:00:00]} exd5 {[%emt 0:00:00]} 32. Rxd5 {[%emt 0:00:01]} Rxa4 {[%emt 0:00:00]} 33. Rxf5 {[%emt 0:00:01]} a5 {[%emt 0:00:01]} 34. Rf6 {[%emt 0:00:01]} Rb4 {[%emt 0:00:02]} 35. Rxh6 {[%emt 0:00:01]} a4 {[%emt 0:00:00]} 36. Ke2 {[%emt 0:00:01]} a3 {[%emt 0:00:01]} 37. Rc6 {[%emt 0:00:01]} a2 {[%emt 0:00:01]} 38. Rc8+ {[%emt 0:00:01]} Kg7 {[%emt 0:00:01]} 39. Ra8 {[%emt 0:00:00]} Rb2+ {[%emt 0:00:01]} 40. Kf3 {[%emt 0:00:00]} b5 {[%emt 0:00:01]} 41. g4 {[%emt 0:00:00]} b4 {[%emt 0:00:00]} 42. h4 {[%emt 0:00:00]} b3 {[%emt 0:00:01]} 43. g5 {[%emt 0:00:00]} Rb1 {[%emt 0:00:01]} 44. h5 {[%emt 0:00:00]} a1=Q {[%emt 0:00:01]} 45. Rb8 {[%emt 0:00:00] Subkat62 resigns Subkat62 resigns Subkat62 resigns} 0-1

[Event "414 Stay Safe Play From Home series"]
[Site "Emanuel Lasker Arena"]
[Date "2020.08.27"]
[Round "5"]
[White "GIULIO19031975"]
[Black "TheCHESSHOUSE"]
[Result "0-1"]
[WhiteElo "1814"]
[BlackElo "2049"]
[Annotator "NA"]
[PlyCount "104"]
[EventDate "2020.08.27"]
[EventType "swiss (blitz)"]

1. e4 {[%emt 0:00:01]} c5 {[%emt 0:00:02]} 2. Nf3 {[%emt 0:00:00]} d6 {[%emt 0:00:00]} 3. Nc3 {[%emt 0:00:00]} Nf6 {[%emt 0:00:01]} 4. d4 {[%emt 0:00:00]} cxd4 {[%emt 0:00:01]} 5. Qxd4 {[%emt 0:00:01]} Nc6 {[%emt 0:00:01]} 6. Bb5 {[%emt 0:00:01]} Bd7 {[%emt 0:00:01]} 7. Bxc6 {[%emt 0:00:00]} Bxc6 {[%emt 0:00:00]} 8. Bg5 {[%emt 0:00:00]} e5 {[%emt 0:00:03]} 9. Qd2 {[%emt 0:00:01]} Be7 {[%emt 0:00:00]} 10. O-O-O {[%emt 0:00:01]} Qc7 {[%emt 0:00:04]} 11. Kb1 {[%emt 0:00:00]} O-O-O {[%emt 0:00:05]} 12. Bxf6 {[%emt 0:00:00]} Bxf6 {[%emt 0:00:01]} 13. Nd5 {[%emt 0:00:01]} Bxd5 {[%emt 0:00:01]} 14. exd5 {[%emt 0:00:01]} Kb8 {[%emt 0:00:01]} 15. Ne1 {[%emt 0:00:01]} h6 {[%emt 0:00:02]} 16. f3 {[%emt 0:00:00]} Bg5 {[%emt 0:00:01]} 17. Qd3 {[%emt 0:00:03]} g6 {[%emt 0:00:01]} 18. h4 {[%emt 0:00:01]} Be7 {[%emt 0:00:02]} 19. g4 {[%emt 0:00:01]} Rhf8 {[%emt 0:00:04]} 20. Ng2 {[%emt 0:00:01]} f5 {[%emt 0:00:01]} 21. g5 {[%emt 0:00:01]} hxg5 {[%emt 0:00:01]} 22. hxg5 {[%emt 0:00:01]} Bxg5 {[%emt 0:00:00]} 23. Rhg1 {[%emt 0:00:01]} Bf6 {[%emt 0:00:01]} 24. Qb3 {[%emt 0:00:02]} Rg8 {[%emt 0:00:00]} 25. Ne3 {[%emt 0:00:01]} Rc8 {[%emt 0:00:01]} 26. c3 {[%emt 0:00:01]} b6 {[%emt 0:00:01]} 27. a4 {[%emt 0:00:01]} Kb7 {[%emt 0:00:01]} 28. a5 {[%emt 0:00:01]} a6 {[%emt 0:00:00]} 29. axb6 {[%emt 0:00:01]} Qxb6 {[%emt 0:00:00]} 30. Qa3 {[%emt 0:00:02]} Be7 {[%emt 0:00:02]} 31. Qa4 {[%emt 0:00:01]} Qxe3 {[%emt 0:00:02]} 32. Qd7+ {[%emt 0:00:02]} Rc7 {[%emt 0:00:00]} 33. Qa4 {[%emt 0:00:03]} Qb6 {[%emt 0:00:00]} 34. Rge1 {[%emt 0:00:02]} g5 {[%emt 0:00:01]} 35. c4 {[%emt 0:00:01]} f4 {[%emt 0:00:01]} 36. Rc1 {[%emt 0:00:02]} Rb8 {[%emt 0:00:01]} 37. Rc2 {[%emt 0:00:01]} Ka7 {[%emt 0:00:01]} 38. Ree2 {[%emt 0:00:01]} Bd8 {[%emt 0:00:01]} 39. b3 {[%emt 0:00:01]} Rg7 {[%emt 0:00:01]} 40. Ra2 {[%emt 0:00:00]} Rbb7 {[%emt 0:00:01]} 41. Rec2 {[%emt 0:00:02]} Qxb3+ {[%emt 0:00:01]} 42. Qxb3 {[%emt 0:00:01]} Rxb3+ {[%emt 0:00:00]} 43. Kc1 {[%emt 0:00:00]} Bb6 {[%emt 0:00:01]} 44. Kd2 {[%emt 0:00:01]} Bc5 {[%emt 0:00:01]} 45. Rab2 {[%emt 0:00:01]} Rxf3 {[%emt 0:00:01]} 46. Ke2 {[%emt 0:00:01]} Rf2+ {[%emt 0:00:00]} 47. Kd3 {[%emt 0:00:01]} Rxc2 {[%emt 0:00:00]} 48. Kxc2 {[%emt 0:00:00]} g4 {[%emt 0:00:00]} 49. Kd3 {[%emt 0:00:01]} g3 {[%emt 0:00:00]} 50. Ke4 {[%emt 0:00:00]} g2 {[%emt 0:00:01]} 51. Kf5 {[%emt 0:00:00]} g1=Q {[%emt 0:00:01]} 52. Ke6 {[%emt 0:00:01]} Qg6# {[%emt 0:00:00] (Lag: Av=0.83s, max=1.4s) (Lag: Av=0.83s, max=1.4s) (Lag: Av=0.83s, max=1.4s)} 0-1

[Event "414 Stay Safe Play From Home series"]
[Site "Emanuel Lasker Arena"]
[Date "2020.08.27"]
[Round "5"]
[White "KING o KONG"]
[Black "Klasman"]
[Result "0-1"]
[WhiteElo "960"]
[BlackElo "1341"]
[Annotator "NA"]
[PlyCount "30"]
[EventDate "2020.08.27"]
[EventType "swiss (blitz)"]

1. d3 {[%emt 0:00:02]} f5 {[%emt 0:00:01]} 2. e3 {[%emt 0:00:01]} e5 {[%emt 0:00:01]} 3. b3 {[%emt 0:00:02]} d5 {[%emt 0:00:01]} 4. Bb2 {[%emt 0:00:01]} Bd6 {[%emt 0:00:02]} 5. Be2 {[%emt 0:00:04]} c5 {[%emt 0:00:01]} 6. Nd2 {[%emt 0:00:01]} Nf6 {[%emt 0:00:01]} 7. Ngf3 {[%emt 0:00:01]} Nc6 {[%emt 0:00:03]} 8. a3 {[%emt 0:00:03]} Be6 {[%emt 0:00:01]} 9. c4 {[%emt 0:00:04]} d4 {[%emt 0:00:01]} 10. e4 {[%emt 0:00:01]} O-O {[%emt 0:00:03]} 11. Ng5 {[%emt 0:00:02]} Qd7 {[%emt 0:00:03]} 12. Nxe6 {[%emt 0:00:02]} Qxe6 {[%emt 0:00:01]} 13. exf5 {[%emt 0:00:03]} Qxf5 {[%emt 0:00:01]} 14. h3 {[%emt 0:00:02]} Nd5 {[%emt 0:00:08]} 15. g4 {[%emt 0:00:01]} Qxf2# {[%emt 0:00:02] Mate Mate Mate} 0-1

[Event "414 Stay Safe Play From Home series"]
[Site "Emanuel Lasker Arena"]
[Date "2020.08.27"]
[Round "6"]
[White "Eidgenosse"]
[Black "NTBT_DHS"]
[Result "0-1"]
[WhiteElo "2527"]
[BlackElo "2514"]
[PlyCount "80"]
[EventDate "2020.08.27"]
[EventType "swiss (blitz)"]

1. Nf3 {[%emt 0:00:02]} Nf6 {[%emt 0:00:00]} 2. g3 {[%emt 0:00:00]} g6 {[%emt 0:00:00]} 3. Bg2 {[%emt 0:00:00]} Bg7 {[%emt 0:00:00]} 4. O-O {[%emt 0:00:00]} O-O {[%emt 0:00:00]} 5. d3 {[%emt 0:00:00]} d6 {[%emt 0:00:00]} 6. Nbd2 {[%emt 0:00:00]} Nc6 {[%emt 0:00:00]} 7. e4 {[%emt 0:00:00]} e5 {[%emt 0:00:00]} 8. Nh4 {[%emt 0:00:01]} Be6 {[%emt 0:00:01]} 9. c3 {[%emt 0:00:00]} d5 {[%emt 0:00:01]} 10. Re1 {[%emt 0:00:01]} d4 {[%emt 0:00:01]} 11. c4 {[%emt 0:00:01]} Qd7 {[%emt 0:00:01]} 12. a3 {[%emt 0:00:01]} Bh3 {[%emt 0:00:02]} 13. Bh1 {[%emt 0:00:01]} Ng4 {[%emt 0:00:03]} 14. Qe2 {[%emt 0:00:03]} Rae8 {[%emt 0:00:04]} 15. b4 {[%emt 0:00:01]} f5 {[%emt 0:00:01]} 16. exf5 {[%emt 0:00:04]} gxf5 {[%emt 0:00:01]} 17. Bd5+ {[%emt 0:00:00]} Kh8 {[%emt 0:00:01]} 18. Ndf3 {[%emt 0:00:01]} Nh6 {[%emt 0:00:04]} 19. Ng5 {[%emt 0:00:03]} Bg4 {[%emt 0:00:01]} 20. f3 {[%emt 0:00:00]} Bh5 {[%emt 0:00:00]} 21. Qg2 {[%emt 0:00:01]} Ne7 {[%emt 0:00:03]} 22. Bxb7 {[%emt 0:00:02]} c6 {[%emt 0:00:01]} 23. Ba6 {[%emt 0:00:01]} Ng6 {[%emt 0:00:04]} 24. Nxg6+ {[%emt 0:00:01]} Bxg6 {[%emt 0:00:00]} 25. Bd2 {[%emt 0:00:03]} Qd6 {[%emt 0:00:02]} 26. b5 {[%emt 0:00:02]} c5 {[%emt 0:00:01]} 27. Bb7 {[%emt 0:00:02]} Ng8 {[%emt 0:00:00]} 28. Bd5 {[%emt 0:00:02]} Nf6 {[%emt 0:00:00]} 29. Bc6 {[%emt 0:00:01]} Re7 {[%emt 0:00:01]} 30. f4 {[%emt 0:00:01]} Ng4 {[%emt 0:00:03]} 31. fxe5 {[%emt 0:00:01]} Bxe5 {[%emt 0:00:00]} 32. h3 {[%emt 0:00:01]} Ne3 {[%emt 0:00:01]} 33. Bxe3 {[%emt 0:00:03]} dxe3 {[%emt 0:00:00]} 34. Rad1 {[%emt 0:00:02]} Bxg3 {[%emt 0:00:01]} 35. Re2 {[%emt 0:00:02]} Qf4 {[%emt 0:00:03]} 36. Nf3 {[%emt 0:00:02]} Bh5 {[%emt 0:00:02]} 37. Rf1 {[%emt 0:00:03]} Bf2+ {[%emt 0:00:02]} 38. Kh1 {[%emt 0:00:00]} Rg7 {[%emt 0:00:01]} 39. Qh2 {[%emt 0:00:01]} Bxf3+ {[%emt 0:00:00]} 40. Bxf3 {[%emt 0:00:01]} Qxf3+ {[%emt 0:00:00] Eidgenosse gibt auf Eidgenosse gibt auf Eidgenosse gibt auf (Lag: Av=0.56s, max=1.1s) (Lag: Av=0.56s, max=1.1s) (Lag: Av=0.56s, max=1.1s)} 0-1

[Event "414 Stay Safe Play From Home series"]
[Site "Emanuel Lasker Arena"]
[Date "2020.08.27"]
[Round "6"]
[White "Mepe_Nika"]
[Black "Tran Minh Thang"]
[Result "1-0"]
[WhiteElo "2376"]
[BlackElo "2477"]
[PlyCount "151"]
[EventDate "2020.08.27"]
[EventType "swiss (blitz)"]

1. d4 {[%emt 0:00:01]} Nf6 {[%emt 0:00:01]} 2. Nf3 {[%emt 0:00:00]} g6 {[%emt 0:00:01]} 3. c4 {[%emt 0:00:00]} Bg7 {[%emt 0:00:00]} 4. Nc3 {[%emt 0:00:00]} d5 {[%emt 0:00:00]} 5. h4 {[%emt 0:00:01]} dxc4 {[%emt 0:00:02]} 6. e4 {[%emt 0:00:02]} b5 {[%emt 0:00:01]} 7. e5 {[%emt 0:00:02]} Nd5 {[%emt 0:00:02]} 8. h5 {[%emt 0:00:01]} Nxc3 {[%emt 0:00:08]} 9. bxc3 {[%emt 0:00:00]} gxh5 {[%emt 0:00:02]} 10. Ng5 {[%emt 0:00:05]} Bf5 {[%emt 0:00:06]} 11. Qxh5 {[%emt 0:00:04]} Bg6 {[%emt 0:00:01]} 12. Qh4 {[%emt 0:00:01]} Nd7 {[%emt 0:00:03]} 13. Be2 {[%emt 0:00:01]} e6 {[%emt 0:00:05]} 14. Bf3 {[%emt 0:00:02]} Rb8 {[%emt 0:00:02]} 15. Qg3 {[%emt 0:00:01]} Qe7 {[%emt 0:00:01]} 16. Ne4 {[%emt 0:00:01]} Kd8 {[%emt 0:00:02]} 17. Bg5 {[%emt 0:00:01]} f6 {[%emt 0:00:01]} 18. exf6 {[%emt 0:00:01]} Nxf6 {[%emt 0:00:00]} 19. Nc5 {[%emt 0:00:06]} Re8 {[%emt 0:00:02]} 20. O-O {[%emt 0:00:01]} Qd6 {[%emt 0:00:01]} 21. Bf4 {[%emt 0:00:01]} Qe7 {[%emt 0:00:01]} 22. Rfe1 {[%emt 0:00:00]} Qf7 {[%emt 0:00:04]} 23. Bg4 {[%emt 0:00:02]} Nxg4 {[%emt 0:00:01]} 24. Qxg4 {[%emt 0:00:00]} Bf5 {[%emt 0:00:00]} 25. Qg3 {[%emt 0:00:01]} Bf6 {[%emt 0:00:01]} 26. Rab1 {[%emt 0:00:01]} Rg8 {[%emt 0:00:01]} 27. Qf3 {[%emt 0:00:00]} Bg4 {[%emt 0:00:01]} 28. Qe3 {[%emt 0:00:01]} Rb6 {[%emt 0:00:01]} 29. a4 {[%emt 0:00:02]} a6 {[%emt 0:00:01]} 30. axb5 {[%emt 0:00:01]} axb5 {[%emt 0:00:00]} 31. Ra1 {[%emt 0:00:00]} Ke7 {[%emt 0:00:00]} 32. Ra7 {[%emt 0:00:01]} Rc6 {[%emt 0:00:01]} 33. Rxc7+ {[%emt 0:00:01]} Rxc7 {[%emt 0:00:01]} 34. Bxc7 {[%emt 0:00:00]} Bf5 {[%emt 0:00:00]} 35. Bg3 {[%emt 0:00:01]} Qg6 {[%emt 0:00:00]} 36. Nb7 {[%emt 0:00:02]} Kf7 {[%emt 0:00:00]} 37. Nd6+ {[%emt 0:00:01]} Kg7 {[%emt 0:00:00]} 38. Qf4 {[%emt 0:00:01]} Bg5 {[%emt 0:00:01]} 39. Nxf5+ {[%emt 0:00:01]} exf5 {[%emt 0:00:01]} 40. Qc7+ {[%emt 0:00:01]} Kh8 {[%emt 0:00:00]} 41. Be5+ {[%emt 0:00:01]} Bf6 {[%emt 0:00:00]} 42. Qd6 {[%emt 0:00:01]} Bxe5 {[%emt 0:00:00]} 43. Qxe5+ {[%emt 0:00:00]} Qg7 {[%emt 0:00:01]} 44. f4 {[%emt 0:00:02]} Qxe5 {[%emt 0:00:01]} 45. Rxe5 {[%emt 0:00:00]} Kg7 {[%emt 0:00:00]} 46. Rxb5 {[%emt 0:00:01]} Kh6 {[%emt 0:00:00]} 47. Rxf5 {[%emt 0:00:01]} Rg3 {[%emt 0:00:00]} 48. Rc5 {[%emt 0:00:01]} Rxc3 {[%emt 0:00:00]} 49. Kh2 {[%emt 0:00:00]} Kg6 {[%emt 0:00:01]} 50. d5 {[%emt 0:00:01]} Kf6 {[%emt 0:00:00]} 51. Rc6+ {[%emt 0:00:01]} Ke7 {[%emt 0:00:00]} 52. d6+ {[%emt 0:00:00]} Kd7 {[%emt 0:00:00]} 53. Rc5 {[%emt 0:00:00]} Rc2 {[%emt 0:00:00]} 54. Rh5 {[%emt 0:00:00]} Kxd6 {[%emt 0:00:00]} 55. Rxh7 {[%emt 0:00:00]} c3 {[%emt 0:00:00]} 56. Rh6+ {[%emt 0:00:00]} Kd5 {[%emt 0:00:00]} 57. Rh8 {[%emt 0:00:00]} Kd4 {[%emt 0:00:00]} 58. Rd8+ {[%emt 0:00:00]} Kc4 {[%emt 0:00:00]} 59. Rc8+ {[%emt 0:00:00]} Kb3 {[%emt 0:00:00]} 60. f5 {[%emt 0:00:00]} Rd2 {[%emt 0:00:00]} 61. f6 {[%emt 0:00:00]} Rf2 {[%emt 0:00:00]} 62. Rc6 {[%emt 0:00:01]} Rxf6 {[%emt 0:00:00]} 63. Rxf6 {[%emt 0:00:01]} c2 {[%emt 0:00:00]} 64. Rc6 {[%emt 0:00:00]} Kb2 {[%emt 0:00:00]} 65. Rxc2+ {[%emt 0:00:01]} Kxc2 {[%emt 0:00:00]} 66. g4 {[%emt 0:00:00]} Kd3 {[%emt 0:00:00]} 67. Kg3 {[%emt 0:00:00]} Kd4 {[%emt 0:00:00]} 68. Kh4 {[%emt 0:00:00]} Ke5 {[%emt 0:00:00]} 69. Kh5 {[%emt 0:00:00]} Ke6 {[%emt 0:00:00]} 70. Kh6 {[%emt 0:00:00]} Kf7 {[%emt 0:00:00]} 71. g5 {[%emt 0:00:00]} Kg8 {[%emt 0:00:00]} 72. Kg6 {[%emt 0:00:00]} Kh8 {[%emt 0:00:00]} 73. Kf7 {[%emt 0:00:00]} Kh7 {[%emt 0:00:00]} 74. Kf6 {[%emt 0:00:00]} Kh8 {[%emt 0:00:00]} 75. Kf5 {[%emt 0:00:00]} Kg8 {[%emt 0:00:00]} 76. Kf6 {[%emt 0:00:01] Time Time Time (Lag: Av=0.71s, max=1.2s) (Lag: Av=0.71s, max=1.2s) (Lag: Av=0.71s, max=1.2s)} 1-0

[Event "414 Stay Safe Play From Home series"]
[Site "Emanuel Lasker Arena"]
[Date "2020.08.27"]
[Round "6"]
[White "AChessPlayer"]
[Black "Subkat62"]
[Result "1-0"]
[WhiteElo "2297"]
[BlackElo "2108"]
[Annotator "NA"]
[PlyCount "27"]
[EventDate "2020.08.27"]
[EventType "swiss (blitz)"]

1. Nf3 {[%emt 0:00:01]} b6 {[%emt 0:00:01]} 2. g3 {[%emt 0:00:00]} Bb7 {[%emt 0:00:00]} 3. Bg2 {[%emt 0:00:00]} c5 {[%emt 0:00:00]} 4. O-O {[%emt 0:00:00]} Nf6 {[%emt 0:00:00]} 5. c4 {[%emt 0:00:00]} e6 {[%emt 0:00:01]} 6. Nc3 {[%emt 0:00:00]} Qc7 {[%emt 0:00:01]} 7. d4 {[%emt 0:00:01]} cxd4 {[%emt 0:00:01]} 8. Qxd4 {[%emt 0:00:01]} a6 {[%emt 0:00:01]} 9. Bf4 {[%emt 0:00:01]} d6 {[%emt 0:00:01]} 10. Rfd1 {[%emt 0:00:03]} e5 {[%emt 0:00:01]} 11. Nxe5 {[%emt 0:00:01]} dxe5 {[%emt 0:00:00]} 12. Bxe5 {[%emt 0:00:01]} Qc8 {[%emt 0:00:01]} 13. Bxb7 {[%emt 0:00:01]} Qxb7 {[%emt 0:00:05]} 14. Qd8# {[%emt 0:00:00] (Lag: Av=0.53s, max=1.2s) (Lag: Av=0.53s, max=1.2s) (Lag: Av=0.53s, max=1.2s) Mate Mate Mate} 1-0